000 00587nam a22002057a 4500
003 OSt
005 20140310182940.0
008 130204t xxu||||| |||| 00| 0 eng d
020 _a9710830260
050 _aPE 1112
_b.R175 1986
082 _aFIL 808.04219
_b.R14 1986
245 _aDeveloping skills in grammar and composition 1
_cRamos, Carmen M., Sanchez, Amelia C.
260 _aMandaluyong City
_bNational Bookstore
_cc1986
300 _axii, 298 p.
_c23 cm.
521 _acollege students
526 _c1210L-1700L
541 _j1
562 _e1
942 _2lcc
_cBK
_kFIL
999 _c17707
_d17707